| 000 | 03662cam a2200445 i 4500 | ||
|---|---|---|---|
| 005 | 20260322212052.0 | ||
| 008 | data | ||
| 010 | _a 2012043162 | ||
| 016 | 7 |
_a016225551 _2Uk |
|
| 019 | _a813930517 | ||
| 020 | _a9781451101546 (hardback) | ||
| 020 | _a1451101546 (hardback) | ||
| 020 | _a9781469830155 (electronic) | ||
| 040 |
_aDLC _beng _erda _cDLC _dVET _dBTCTA _dOCLCO _dUKMGB _dYDXCP _dVET |
||
| 041 | 0 | 9 | _aeng |
| 042 |
_anlmcopyc _anlmcopyc |
||
| 044 | _9United States | ||
| 050 | 0 | 0 |
_aRC483 _b.H54 2013 |
| 060 | 1 | 0 | _aWM 140 |
| 082 | 0 | 0 |
_a616.89 _223 |
| 084 |
_aMED105000 _2bisacsh |
||
| 096 | _aWM 140 H54 2013 | ||
| 100 | 1 |
_aHiggins, Edmund S., _eauthor. |
|
| 245 | 1 | 4 |
_aThe neuroscience of clinical psychiatry : _bthe pathophysiology of behavior and mental illness / _cEdmund S. Higgins & Mark S. George. |
| 250 | _aSecond edition. | ||
| 264 | 1 |
_aPhiladelphia : _bWolters Kluwer Health, Lippincott Williams & Wilkins, _c[2013] |
|
| 300 |
_ax, 324 pages : _billustrations (some color) ; _c27 cm |
||
| 336 |
_atext _2rdacontent |
||
| 337 |
_aunmediated _2rdamedia |
||
| 338 |
_avolume _2rdacarrier |
||
| 504 | _aIncludes bibliographical references and index. | ||
| 520 | _a"Neuroscience of Clinical Psychiatry, Second Edition Fully revised and updated in its Second Edition, this handy and accessible reference provides a basic link between the science of the brain and the treatment of common mental health disorders. Ideal for the mental health clinician in training, the psychiatric resident preparing for Board exams, and the practicing clinician looking to keep pace with the latest advances in neuroscience, the book uses clear and direct language to enhance your understanding of basic neuroscientific concepts and the effects of brain chemistry on common behaviors and disorders. Updated content reflects the latest advances in the field, while straightforward discussions make complex material easy to understand and process. The book's concise presentation helps readers grasp, retain, and apply essential concepts. Abundant illustrations and tables support the text and provide vital information at a glance. End-of-chapter review questions reinforce key concepts and assist in Board preparation. Look inside and discover... Updated content reflects the latest advances in the field. Straightforward discussions make complex material easy to understand and process. Concise presentation helps you grasp, retain, and apply essential concepts. Abundant illustrations and tables support the text and provide vital information at a glance. End-of-chapter review questions reinforce key concepts and assist in Board preparation. Pick up your copy today! "--Provided by publisher. | ||
| 650 | 1 | 2 |
_aMental Disorders _xphysiopathology |
| 650 | 2 | 2 |
_aNervous System _xphysiopathology |
| 650 | 2 | 2 |
_aNeuropsychology _xmethods |
| 700 | 1 |
_aGeorge, Mark S. _d1958- _q(Mark Stork), _eauthor. |
|
| 856 | 4 | 0 |
_aE-Books (Ovid) _zAuthentication may be required:Neuroscience of clinical psychiatry Edmund S. Higgins, MD, clinical associate professor of family medicine and psychiatry, Medical University of South Carolina, Charleston, South Carolina, Mark S. George, MD, distinguished professor of psychiatry, radiology, and neurosciences, director, MUSC Center for Advanced Imaging Research, Medical University of South Carolina, Charleston, South Carolina ; illustrations by Edmund S. Higgins, MD. _uhttp://ovidsp.ovid.com/ovidweb.cgi?T=JS&PAGE=booktext&NEWS=N&DF=bookdb&AN=01735127/2nd_Edition&XPATH=/PG(0) |
| 994 |
_aCDN _b20130807 |
||
| 001 | data | ||
| 999 |
_c1233 _d1233 |
||